000 00784nam a2200241Ia 4500
001 8951
003 GE_BSU
008 181216s||||||||xx |||||||||||||| ||und||
040 _cGE_BSU
080 _a821.353.1–31
100 _aკიკნაძე,ალექსანდრე
245 _aიბერიის ლეგენდა.ფურისულა
245 _bრომანი
245 _cრედ.ჯ.ლომაშვილი,მხატვ.მ.კურაშვილი
260 _aთბილისი
260 _bნაკადული
260 _c1972
300 _a343გვ.20სმ.
653 _aიბერიის ლეგენდა
653 _aრომანი
653 _aფურისულა
942 _cBK
999 _c42256
_d42256